Cities in serbian language - Statistics

General Stats
  • This quiz has been taken 138 times
  • The average score is 11 of 15
Answer Stats
Question Answer % Correct
Beograd Belgrade
98%
Berlin Berlin
96%
Moskva Moscow
95%
Vašington Washington
93%
Njujork New york
90%
Rim Rome
86%
Bukurešt Bucharest
81%
Pjongjang Pyongyang
80%
Hjuston Houston
76%
Peking Beijing
75%
Ostin Austin
66%
Sevastopolj Sevastopol
59%
Solun Thessaloniki
55%
Šangaj Shangai
49%
Kisnjiev Chinsau
2%
No matching quizzes found
Score Distribution
Percent of People with Each Score
Percentile by Number Answered
Your Score History
You have not taken this quiz